| 000 | 02599nam0a22003971 4500 | ||
|---|---|---|---|
| 001 | RU\NLR\A1SV\43077 | ||
| 005 | 20251203171251.9 | ||
| 035 | _a(NLR Aleph) 009725276 | ||
| 090 |
_a9888373 _c9888373 |
||
| 100 | _a20020710d1926 u y0rusy50 ca | ||
| 101 | 0 |
_arus _dger |
|
| 102 | _aRU | ||
| 200 | 1 |
_aК биологии моллюсков пересыхающих водоемов _e(Предвар. сообщение) [и др. ст.] _fВ.И.Жадин (Муром) _g(Из Окск. биол. ст.) |
|
| 210 |
_a[Саратов] _cСарполиграфпром типолит. № 9 _d[1926] |
||
| 215 |
_a30 с. _cил., табл. _d26 см |
||
| 300 | _aБез тит. л. | ||
| 300 | _aРез. каждой ст. на нем. яз. | ||
| 311 | _aОтт. из: Рус. гидробиол. журнал. 1926. Т.5, № 1/2 | ||
| 327 | 1 |
_aК биологии моллюсков пересыхающих водоемов / В.И.Жадин _aК экологии и географическому распространению Balanoglossus в русских северных морях / Е.Ф.Гурьянова, П.В.Ушаков (Ленинград) _aНекоторые данные к биологии и охране выхухоли / А.А.Парамонов (Москва) _aО некоторых новых видах Trachelomonas Ehrenberg из сем. Euglenaceae, описанных из Бельгии и Франции / Б.В.Скворцов (Харбин, Китай) _aО составе пищи серой лягушки Rana temporaria L. / Б.А.Кузнецов (Москва) _aМелкие известия: Новые приборы для гидробиологических исследований _aО мечении стерляди на Волге |
|
| 620 | _dСаратов | ||
| 700 | 1 |
_aЖадин _bВ.И. _f1896-1974 _gВладимир Иванович _4070 |
|
| 702 | 1 |
_aГурьянова _bЕ.Ф. _f1902-1981 _gЕвпраксия Федоровна _4070 |
|
| 702 | 1 |
_aУшаков _bП.В. _f1903-1992 _gПавел Владимирович _4070 |
|
| 702 | 1 |
_aПарамонов _bА.А. _f1890-1970 _gАлександр Александрович _4070 |
|
| 702 | 1 |
_aСкворцов _bБ.В. _f1896-1980 _gБорис Васильевич _4070 |
|
| 702 | 1 |
_aКузнецов _bБ.А. _f1906-1979 _gБорис Александрович _4070 |
|
| 801 | 0 |
_aRU _bNLR _c20020710 |
|
| 852 |
_aNLR _j34/2013 |
||
| 899 | _aРКП | ||
| 899 | _aБАН | ||
| 899 | _aРГБ | ||
| 899 | _aСПбГУ | ||
| 942 | _cBOOK | ||
| 980 | _aNB | ||
| 980 | _aA1SV | ||